Statistics for Harry Potter - Houses

Click here to take the quiz!

General Stats

  • This quiz has been taken 56 times
    (21 since last reset)
  • The average score is 30 of 36

Answer Stats

QuestionAnswer% Correct
James PotterGryffindor
100%
Lily PotterGryffindor
100%
Harry PotterGryffindor
100%
Hermione GrangerGryffindor
100%
Pomona SproutHufflepuff
100%
Draco MalfoySlytherin
100%
Ronald WeasleyGryffindor
95%
Fred WeasleyGryffindor
95%
Percy WeasleyGryffindor
95%
George WeasleyGryffindor
95%
Molly WeasleyGryffindor
95%
Narcissa MalfoySlytherin
95%
Severus SnapeSlytherin
95%
Seamus FinniganGryffindor
90%
Colin CreeveyGryffindor
90%
Albus DumbledoreGryffindor
90%
Dean ThomasGryffindor
90%
Neville LongBottomGryffindor
86%
Lavender BrownGryffindor
86%
Minerva McGonagallGryffindor
86%
Cedric DiggoryHufflepuff
86%
Justin Finch-FletchleyHufflepuff
86%
Arthur WeasleyGryffindor
81%
Penelope ClearwaterRavenclaw
81%
Filius FlitwickRavenclaw
81%
Millicent BulstrodeSlytherin
81%
Dolores UmbridgeSlytherin
76%
Ernie MacMillanHufflepuff
71%
Padma PatilRavenclaw
71%
Zabini BlaiseSlytherin
71%
Marietta EdgecombeRavenclaw
67%
Zacharias SmithHufflepuff
62%
Myrtle WarrenRavenclaw
62%
Gilderoy LockhartRavenclaw
62%
Quirinus QuirrellRavenclaw
62%
Marcus FlintSlytherin
52%

Score Distribution

Percentile by Number Answered

Percent of People with Each Score

Your Score History

You have not taken this quiz since the last reset